000
00317nam a2200121Ia 4500
008
150731s2009 xx 000 0 und d
082
_a
615.53
_b
H 09 M
100
_a
MUSALGANVKAR,GAJANAN SHASHTRI
245
_a
HINDI SAKHNYATATV KOMUDI
260
_b
CHAUKHAMBHA PUB. NEW DELHI
_c
2009
300
_a
397
942
_2
ddc
_c
BK
999
_c
7872
_d
7872